Por tierras de España (Record no. 17290)

MARC details
000 -LEADER
campo de control de longitud fija 00981nam a2200277 i 4500
001 - NÚMERO DE CONTROL
campo de control 17290
003 - IDENTIFICADOR DE NÚMERO DE CONTROL
campo de control ES-MaACL
005 - FECHA Y HORA DE LA ÚLTIMA TRANSACCIÓN
campo de control 20230906151537.0
007 - CAMPO FIJO DE DESCRIPCIÓN FÍSICA--INFORMACIÓN GENERAL
campo de control de longitud fija t|
008 - DATOS DE LONGITUD FIJA--INFORMACIÓN GENERAL
campo de control de longitud fija 010124s1999 sp ||||0| spa j
020 ## - NÚMERO INTERNACIONAL ESTÁNDAR DEL LIBRO
Número Internacional Estándar del Libro 84-376-1726-X
040 ## - FUENTE DE CATALOGACIÓN
Centro catalogador/agencia de origen M-BN
Lengua de catalogación spa
Centro/agencia transcriptor M-BN
080 ## - NÚMERO DE LA CLASIFICACIÓN DECIMAL UNIVERSAL
Número de la Clasificación Decimal Universal 914.60"18"
100 1# - ENTRADA PRINCIPAL--NOMBRE DE PERSONA
Nombre de persona Maximiliano
Títulos y otros términos asociados al nombre Emperador de México.
9 (RLIN) 79303
245 10 - MENCIÓN DEL TÍTULO
Título Por tierras de España
Resto del título : bocetos literarios de viajes : (1851-1852) /
Mención de responsabilidad, etc. Archiduque Maximiliano de Austria, emperador de México ; edición y traducción de Karl Rudolf y Miguel Angel Vega ; introducción de Karl Rudolf.
260 ## - PUBLICACIÓN, DISTRIBUCIÓN, ETC.
Lugar de publicación, distribución, etc. Madrid :
Nombre del editor, distribuidor, etc. Cátedra,
Fecha de publicación, distribución, etc. [1999]
300 ## - DESCRIPCIÓN FÍSICA
Extensión 233 p. :
Otras características físicas il. ;
Dimensiones 21 cm.
490 1# - MENCIÓN DE SERIE
Mención de serie Cómo nos vieron
651 #4 - PUNTO DE ACCESO ADICIONAL DE MATERIA--NOMBRE GEOGRÁFICO
Nombre geográfico España-
Subdivisión general Descripción-
Subdivisión cronológica S.XIX.
9 (RLIN) 8185
700 1# - ENTRADA AGREGADA--NOMBRE PERSONAL
Nombre de persona Rudolf, Karl F.
9 (RLIN) 100497
700 1# - ENTRADA AGREGADA--NOMBRE PERSONAL
Nombre de persona Vega, Miguel Angel.
9 (RLIN) 113577
830 0# - PUNTO DE ACCESO ADICIONAL DE SERIE-TÍTULO UNIFORME
Título uniforme Cómo nos vieron
9 (RLIN) 180279
852 ## - LOCALIZACIÓN
Ubicación ES-MaACL
Número de control de estantería L-24147
Sublocalización o colección R.129293
Holdings
Estatus retirado Estado de pérdida Estado de daño No para préstamo Biblioteca de origen Biblioteca actual Ubicación en estantería Fecha de adquisición Fuente de adquisición Total de préstamos Signatura topográfica completa Código de barras Visto por última vez Precio de reemplazo Tipo de ítem Koha
        Biblioteca del Ateneo de Madrid Biblioteca del Ateneo de Madrid Depósito 2 17/01/2008     L-24147 1017641 23/02/2023 23/02/2023 Libro impreso